| 000 | 00000nam 2200000za 4500 |
| 001 | 9.676583 |
| 003 | CaOODSP |
| 005 | 20250109164115 |
| 007 | cr ||||||||||| |
| 008 | 150407|2011||||xxc|||||o f|0| 0 ger d |
| 040 | |aCaOODSP|beng |
| 043 | |an-cn--- |
| 086 | 1 |aA15-11511/2011Ger-PDF|zA15-11511/2011D-PDF |
| 110 | 1 |aCanada. |bAgriculture and Agri-Food Canada. |
| 245 | 10|a[Canadian beef] : |h[electronic resource]|b[naturally the best]. |
| 246 | 1 |aKanadisches Rindfleisch - beste qualität, aber natürlich! |
| 250 | |a[German edition]. |
| 260 | |aOttawa - Ontario : |bAgriculture and Agri-Food Canada |c[2011]. |
| 300 | |a2p. |
| 500 | |aIssued also in English under title: Canadian beef: naturally the best. |
| 546 | |aText in German. |
| 590 | |a13-10-Supp|b2013-04-13 |
| 690 | 07|aAgri-food industry|2gcpds |
| 775 | 08|tCanadian beef : |w(CaOODSP)9.695107 |
| 792 | |t[Le boeuf canadien] : |efre|w(CaOODSP)9.676584 |
| 856 | 40|ahttp://publications.gc.ca|qPDF|s848 KB|uhttps://publications.gc.ca/collections/collection_2013/aac-aafc/A15-11511-2011-ger.pdf |